| 000 | 00724nam a22001937a 4500 | ||
|---|---|---|---|
| 003 | OSt | ||
| 005 | 20250721014255.0 | ||
| 008 | 250721b |||||||| |||| 00| 0 eng d | ||
| 020 | _a9789814714624 | ||
| 040 |
_aDWCL-Main lib _cOC |
||
| 082 | _aCirc. 658.452 P447p 2006 | ||
| 100 | _aPerlman, Alan M. | ||
| 245 |
_a Perfect phrases for executive presentations : _bhundreds of ready-to-use phrases to use to communicate your strategy and vision when the stakes are high/ _cAlan M. Perlman |
||
| 260 |
_a New York : _bMcGraw-Hill Education, _cc2006. |
||
| 300 |
_axxiii, 218 pages ; _c21 cm. |
||
| 650 | _a1. Business presentations. | ||
| 650 | _a2. English language--Terms and phrases. | ||
| 942 |
_2ddc _cBK-CIRC _kCirc. _n0 |
||
| 999 |
_c3794 _d3794 |
||